00382nam a2200133Ia 4500003000400000005001700004008004100021040001800062041000800080100004400088110001400132245008200146260002000228OSt20230602101511.0211028s2012 xx 000 0 und d cAIMIT LIBRARY aeng aMonis, Jenifer Liza; Nausheeda.e101912 aNausheeda aERP solution for ayurvedic medicine manufacturing unit (purchase management). aMangalorec2012